000
00171nam a2200073Ia 4500
008
170524s9999 xx 000 0 und d
100
_a
TULL- D.S.
245
0
_a
MARKETING RESEARCH
260
_b
PHI NEW DELHI
999
_c
8442
_d
8442